Earth system history

Wedi'i Gadw mewn:
Manylion Llyfryddiaeth
Prif Awdur: Stanley, Steven M (Awdur)
Fformat: Llyfr
Iaith:Saesneg
Cyhoeddwyd: Nueva York W. H. Freeman 1999
Pynciau:
Tagiau: Ychwanegu Tag
Dim Tagiau, Byddwch y cyntaf i dagio'r cofnod hwn!

MARC

LEADER 00000nam a2200000 a 4500
001 UCO8915
003 CL-VaPUC
008 010112e19990000US |||||||||||||||||eng|d
082 0 4 |a 551.7  |b STA  |2 21 
100 0 |a Stanley, Steven M  |e author  |9 453838 
245 1 0 |a Earth system history 
300 |a 615 p 
942 |c BK 
945 |d 20010112 00:00:00  |a cmena 
260 |a Nueva York  |b W. H. Freeman  |c 1999 
650 7 |a GEOLOGIA HISTORICA  |2 CL-VaPUC  |9 453839 
650 0 |a Geología física  |9 371391 
583 |a last modification  |c 20010112 00:00:00  |k Rodrigo Vera 
999 |c 293334  |d 293332 
952 |0 0  |1 0  |4 0  |6 551_700000000000000_STA_1999  |7 0  |8 CCM  |9 344800  |a BIBCUR  |b BIBCUR  |d 2019-11-20  |i 3683532  |o 551.7 STA 1999  |p 3683532  |r 2025-04-22  |w 2019-11-20  |y BK  |k RNT